000 00498nam a2200181Ia 4500
005 20250326123930.0
008 250326s9999 xx 000 0 und d
037 _aTextbook
040 _aFMSL
_beng
_cFMSL
041 _aeng
_2eng
084 _aT:3 L1
_qFMSL
100 _aCarin A A
_9736418
245 0 _aDeveloping questioning techniques
_cCarin A A; Sund R B
260 _aUSA
_bUSA, Charles E Merrill
_c1971
300 _a169p
942 _cTB
_hT:3 L1
999 _c1271537
_d1271537